000
00323nam a2200157Ia 4500
100
_a
Baker/Jacob R
650
_a
CMOS
942
_c
BK
366
_f
27
654
_a
cmos
245
_a
CMOS:Circuit design
260
_b
Wiley India
_c
2005
082
_a
621.3815
_b
BAK
300
_a
1038
546
_a
ENGLISH
_c
PAMPHALETS
999
_c
24614
_d
24614